Plays by Samuel Beckett - Statistics

General Stats
  • This quiz has been taken 292 times
  • The average score is 6 of 22
Answer Stats
Answer % Correct
Waiting for Godot
99%
Endgame
74%
Krapp's Last Tape
63%
Happy Days
50%
Play
34%
Not I
32%
Breath
29%
Act Without Words I
27%
Act Without Words II
25%
Footfalls
21%
Ohio Impromptu
19%
Rockaby
18%
Catastrophe
17%
Rough For Theatre I
17%
Rough For Theatre II
16%
Come and Go
15%
A Piece of Monologue
12%
What Where
12%
Eleutheria
11%
That Time
8%
Human Wishes
4%
Neither
4%
No matching quizzes found
Score Distribution
Percent of People with Each Score
Percentile by Number Answered
Your Score History
You have not taken this quiz